LEADER 01528nas a2200325 i 4500 001 000000156583 003 CaOOAMICUS 005 20190204143124.0 008 061207b2006 fr uu u0 0fre r 013 $a133938 020 $a2-7132-2087-4 020 $a2-200-92101-2 040 $aSeMil$bita 245 10$a2006 : 5 Falkenau 1945 ; Sur les régimes d'historicité ; L'Afrique urbaine ; Innovation, marché, culture technique ; Terre/Mer. 260 $aParis :$bArmand Colin,$ccopyr. 2006. 260 $aParis :$bÉd. de l'EHESS,$ccopyr. 2006. 300 $aP. [1005]-1242, XIII p., [8] p. di tav. ;$c24 cm. 500 $aContiene : Résumés = Abstracts [in francese e in inglese]. - Titoli dalla copertina. 710 2 $aCNRS .$0(OLS)http://semarc/name/1698 773 0 $tAnnales.$dParis : Armand Colin $x0395-2649$w()1823 774 0 $t[vedi periodico].$w()265479 850 $aSeMil 852 $aSeMil$W1$xVenegono$y1$m147 3 42$j108339$B108339$CSeMilBibl$Z2$F121813 $85 961 $aAbbonamento: Colin 996 $6020$a2-7132-2087-4$9(OLS)http://semarc/number/146763 996 $6020$a2-200-92101-2$9(OLS)http://semarc/number/146764 996 $6245$a2006 : 5 Falkenau 1945 ; Sur les régimes d'historicité ; L'Afrique urbaine ; Innovation, marché, culture technique ; Terre/Mer$9(OLS)http://semarc/title/229503 996 $6260$aParis :$bÉd. de l'EHESS$9(OLS)http://semarc/publisher/44072 996 $6260$aParis :$bArmand Colin$9(OLS)http://semarc/publisher/34808 LEADER 00715naa a2200145 i 4500 001 000000327586 003 CaOOAMICUS 005 20180831173544.0 008 180831n it u000 u ita u 013 $a39174 040 $aSeMil$bita 245 10$aPie pellicane, Jesu Domine: sulla teologia della misericordia in Tommaso d 'Aquino. 650 4$aMisericordia - Concezione [di] Tommaso : d'Aquino.$0(OLS)http://semarc/subject/47357 773 0 $tMisericordia e le sue opere.$dMilano : Vita e Pensiero, 2016.$kFilosofia. Ricerche$kFilosofia ed esperienza religiosa$z978-88-343-3230-6$gp.11-30$w()135090 996 $6245$aPie pellicane, Jesu Domine: sulla teologia della misericordia in Tommaso d 'Aquino$9(OLS)http://semarc/title/416204